Prosperous communities two (Record no. 106470)
[ view plain ]
| 000 -LEADER | |
|---|---|
| fixed length control field | 01471cam a2200229 4500 |
| 001 - CONTROL NUMBER | |
| control field | L136668 |
| 008 - FIXED-LENGTH DATA ELEMENTS--GENERAL INFORMATION | |
| fixed length control field | 070214n2007 000 0 eng u |
| 020 ## - INTERNATIONAL STANDARD BOOK NUMBER | |
| International Standard Book Number | 9781840495553 |
| 035 ## - SYSTEM CONTROL NUMBER | |
| System control number | (Sirsi) u136668 |
| 041 0# - LANGUAGE CODE | |
| Language code of text/sound track or separate title | eng |
| 050 ## - LIBRARY OF CONGRESS CALL NUMBER | |
| Classification number | 711.4 $2 18 |
| 110 2# - MAIN ENTRY--CORPORATE NAME | |
| Corporate name or jurisdiction name as entry element | England and Wales |
| Subordinate unit | Local Government Association |
| 9 (RLIN) | 3545 |
| 245 00 - TITLE STATEMENT | |
| Title | Prosperous communities two |
| Remainder of title | vive la devolution! |
| Medium | [electronic resource] |
| 260 ## - PUBLICATION, DISTRIBUTION, ETC. | |
| Place of publication, distribution, etc. | London |
| Name of publisher, distributor, etc. | LGA |
| Date of publication, distribution, etc. | 2007 |
| 505 ## - FORMATTED CONTENTS NOTE | |
| Formatted contents note | How does the sub-national economy work? -- Powers: labour market - localising welfare; transport - change here for integrations; economic development - linking growth and infrastructure; housing and planning - fewer strategies, better plans -- Governance -- In practice -- Annex one: attendance at LGA roundtables to develop the proposals in this report -- Annex two: summary of the menu of powers for devolution -- Annex three: economic development expenditure by source and region 2004/05. |
| 520 ## - SUMMARY, ETC. | |
| Summary, etc. | Sets out the LGA's evidence base for the need for devolution of powers to local councils and some concrete proposals for making it happen. Each place, city, town and shire is different. All have their own unique challenges. All require local solutions. |
| 590 ## - LOCAL NOTE (RLIN) | |
| Local note | KA |
| 651 #4 - SUBJECT ADDED ENTRY--GEOGRAPHIC NAME | |
| Geographic name | England |
| Chronological subdivision | 886- |
| 690 ## - LOCAL SUBJECT ADDED ENTRY--TOPICAL TERM (OCLC, RLIN) | |
| Topical term or geographic name as entry element | ENVIRONMENTAL AND LAND CONSULTANCY-SUSTAINABILITY-SUSTAINABLE DEVELOPMENT |
| 856 40 - ELECTRONIC LOCATION AND ACCESS | |
| Uniform Resource Identifier | <a href="https://www.lga.gov.uk/lga/aio/21918">https://www.lga.gov.uk/lga/aio/21918</a> |
| Public note | View the report free of charge at www.lga.gov.uk... |
| 942 ## - ADDED ENTRY ELEMENTS (KOHA) | |
| Suppress in OPAC | 0 |
| Withdrawn status | Lost status | Source of classification or shelving scheme | Damaged status | Not for loan | Home library | Current library | Shelving location | Date acquired | Total Checkouts | Full call number | Barcode | Date last seen | Copy number | Price effective from | Koha item type |
|---|---|---|---|---|---|---|---|---|---|---|---|---|---|---|---|
| Dewey Decimal Classification | Virtual | Virtual | Online | 14/02/2007 | ONLINE PUBLICATION | 136668-1001 | 06/08/2019 | 1 | 06/08/2019 | Book |